| 000 | 00566nam a2200145Ia 4500 | ||
|---|---|---|---|
| 008 | 260210s9999 xx 000 0 und d | ||
| 024 | _a19B-091-SE, 19B-097-SE, 19B-131-SE & 19B-132-SE | ||
| 100 | _aSyed Faizan Ali, Hamza Siqqiqui, Sameer Bin Imran & Shaikh Saad | ||
| 110 | _aFauzan Saeed | ||
| 245 | 0 | _aAdventour & Guide | |
| 260 |
_aKarachi: _bUITU, _c2019 |
||
| 600 | _aSoftware engineering | ||
| 650 | _aBachelor of Engineering (BE) | ||
| 856 |
_uhttps://drive.google.com/file/d/1RyiJOd7lx7YuLq3bxNYMkLPgMB41Qypj/view?usp=sharing _yClick here for PDF |
||
| 999 |
_c33488 _d33488 |
||